Logo CIB grande

SALUD PUBLICA: CONCEPTOS, APLICACIONES Y DESAFIOS (Registro nro. 237382)

Detalles MARC
000 -LEADER
campo de control de longitud fija 00626nam a2200229Ia 4500
005 - FECHA Y HORA DE LA ÚLTIMA TRANSACCIÓN
campo de control 20250425162831.0
008 - DATOS DE LONGITUD FIJA--INFORMACIÓN GENERAL
campo de control de longitud fija 250425s9999 xx 000 0 und d
020 ## - NÚMERO INTERNACIONAL ESTÁNDAR DEL LIBRO
Número Internacional Estándar del Libro 9789588443805
041 ## - CÓDIGO DE IDIOMA
Código de lengua del texto/banda sonora o título independiente spa
044 ## - CÓDIGO DEL PAÍS DE LA ENTIDAD EDITORA/PRODUCTORA
Código MARC del país ck
010 ## - NÚMERO DE CONTROL DE LA BIBLIOTECA DEL CONGRESO
Número de control de LC 111199
100 ## - ENTRADA PRINCIPAL--NOMBRE DE PERSONA
Nombre de persona MALAGON LONDOÑO, GUSTAVO
245 #0 - MENCIÓN DEL TÍTULO
Título SALUD PUBLICA: CONCEPTOS, APLICACIONES Y DESAFIOS
250 ## - MENCION DE EDICION
Mención de edición 3A ED.
264 ## - PRODUCCIÓN, PUBLICACIÓN, DISTRIBUCIÓN, FABRICACIÓN Y COPYRIGHT
Producción, publicación, distribución, fabricación y copyright Colombia, BOGOTA
Nombre del de productor, editor, distribuidor, fabricante EDITORIAL MEDICA PANAMERICANA
Fecha de producción, publicación, distribución, fabricación o copyright 2020.
300 ## - DESCRIPCIÓN FÍSICA
Extensión 820
650 ## - PUNTO DE ACCESO ADICIONAL DE MATERIA--TÉRMINO DE MATERIA
Término de materia o nombre geográfico como elemento de entrada PARTICIPACION COMUNITARIA
650 ## - PUNTO DE ACCESO ADICIONAL DE MATERIA--TÉRMINO DE MATERIA
Término de materia o nombre geográfico como elemento de entrada PLANIFICACION DE LA SALUD
650 ## - PUNTO DE ACCESO ADICIONAL DE MATERIA--TÉRMINO DE MATERIA
Término de materia o nombre geográfico como elemento de entrada SALUD PUBLICA
700 ## - ENTRADA AGREGADA--NOMBRE PERSONAL
Nombre de persona REYNALES LONDONO, JAIRO
942 ## - ELEMENTOS DE ENTRADA SECUNDARIOS (KOHA)
Tipo de ítem Koha Libros
Existencias
Estatus retirado Estado de pérdida Estado de daño No para préstamo Biblioteca de origen Biblioteca actual Fecha de adquisición Coste, precio normal de compra Total de préstamos Código de barras Copia número Nota pública
        ESCUELA DE NEGOCIOS ESCUELA DE NEGOCIOS 17/02/2020 110.00   CP-17670 1 COMPRA

Copyright 2025 ESPOL. Todos los derechos reservados.